30 Minutes (Record no. 18869)

MARC details
000 -LEADER
fixed length control field 00448nam a22001817a 4500
005 - DATE AND TIME OF LATEST TRANSACTION
control field 20230829164510.0
008 - FIXED-LENGTH DATA ELEMENTS--GENERAL INFORMATION
fixed length control field 230706b |||||||| |||| 00| 0 eng d
020 ## - INTERNATIONAL STANDARD BOOK NUMBER
ISBN 9788175542211
082 ## - DEWEY DECIMAL CLASSIFICATION NUMBER
Classification number 658.314
Item number FOR-M
100 ## - MAIN ENTRY--AUTHOR
Author Name Forsyth:Patrick
245 ## - TITLE STATEMENT
Title 30 Minutes
Remainder of title To Motivate Your Staff
260 ## - PUBLICATION, DISTRIBUTION, ETC.
Place of Publication India
Name of publisher, distributor, etc. Kogan Page
Date of publication, distribution, etc. 2003
300 ## - PHYSICAL DESCRIPTION
Pages 63
500 ## - GENERAL NOTE
General note Include index
650 ## - SUBJECT ADDED ENTRY--TOPICAL TERM
Subject / Department Management
700 ## - ADDED ENTRY--PERSONAL NAME
Personal name Patrick Forsyth
952 ## - LOCATION AND ITEM INFORMATION (KOHA)
-- 0
-- 0
Holdings
Lost status Damaged status Permanent Location Current Location Shelving Location Date acquired Full Call Number Accession No./Barcode Date last seen item type
    Superior Information Resource Center (SIRC) Superior University- Central Library Superior Information Resource Center (SIRC) Superior University- Central Library management 07/06/2023 658.314 FOR-M 2003 5123 07/06/2023 BOOK

Powered by Koha